000 00324nam a22001337a 4500
020 _a9789695422944
082 _a823.92
_bSUL
100 _aSultan,Dr.Ahmed
245 _aLots more question and answers
260 _aKarachi:
_bChildren publications,
_c2011.
300 _a52p. ;
563 _aHB
942 _2ddc
_cBK
999 _c614870
_d614870